Statistics for Upside Down Flags #4

Click here to take the quiz!

General Stats

  • This quiz has been taken 30 times
  • The average score is 19 of 20

Answer Stats

Answer% Correct
Italy
100%
Kenya
100%
North Korea
100%
Panama
100%
Portugal
100%
United Kingdom
100%
Bahrain
96%
Bangladesh
96%
Czech Republic
96%
Kazakhstan
96%
Peru
96%
Seychelles
96%
United Arab Emirates
96%
Bolivia
93%
Cape Verde
93%
Equatorial Guinea
93%
Mozambique
93%
Romania
93%
Sudan
93%
Comoros
81%

Score Distribution

Percentile by Number Answered

Percent of People with Each Score

Your Score History

You have not taken this quiz